[Event "EU-ch 23rd"]
[Site "Vrnjacka Banja"]
[Date "2023.03.10"]
[Round "8"]
[White "Secheres, Adrian Simion"]
[Black "Yonal, Timur"]
[Result "1/2-1/2"]
[WhiteElo "2369"]
[BlackElo "1859"]
[PlyCount "143"]
[EventDate "2023.03.03"]
[EventType "swiss"]
[EventRounds "11"]
[EventCountry "SRB"]
[SourceTitle "CBM 213"]
[Source "ChessBase"]
[SourceDate "2023.04.30"]
[SourceVersion "1"]
[SourceVersionDate "2023.04.30"]
[SourceQuality "1"]

1. d4 Nf6 2. c4 e6 3. Nf3 d5 4. Nc3 c6 5. e3 Bd6 6. Qc2 Nbd7 7. Bd3 dxc4 8. Bxc4 0-0 9. 0-0 e5 10. dxe5 Nxe5 11. Nxe5 Bxe5 12. h3 Qe7 13. Bd2 Rd8 14. Rad1 b6 15. e4 Bb7 16. Rde1 b5 17. Bb3 b4 18. Nb1 c5 19. Bg5 h6 20. Bxf6 Qxf6 21. Re3 Qe7 22. Rfe1 Rd4 23. Rf3 Rxe4 24. Rxe4 Bxe4 25. Rxf7 Bxc2 26. Rxe7+ Bxb3 27. axb3 Bxb2 28. Nd2 a5 29. Nc4 Bf6 30. Re1 Ra6 31. Re8+ Kf7 32. Rc8 a4 33. bxa4 Rxa4 34. Rxc5 b3 35. Rb5 Rxc4 36. Rxb3 Ke6 37. g3 Kd5 38. Kg2 Kd4 39. Rf3 Rc3 40. Rf4+ Kd3 41. h4 Rc4 42. Rf3+ Kd2 43. Re3 Rc5 44. Re4 Re5 45. Ra4 Re2 46. Kf1 Re1+ 47. Kg2 Rc1 48. Re4 Rc5 49. Rf4 Rd5 50. Re4 Bd4 51. Rf4 Rd6 52. Kf1 Kd3 53. Rf3+ Ke4 54. Rf4+ Ke5 55. Rf7 g6 56. Kg2 Rf6 57. Re7+ Kd5 58. Re2 Kc4 59. Ra2 g5 60. hxg5 hxg5 61. f3 Kd3 62. Kh3 Be3 63. Kg4 Rg6 64. Ra4 Ke2 65. Ra2+ Bd2 66. Rb2 Rf6 67. Ra2 Rg6 68. Rb2 Rd6 69. f4 gxf4 70. gxf4 Rd4 71. Kf5 Rxf4+ 72. Ke5 1/2-1/2

[Event "EU-ch 23rd"]
[Site "Vrnjacka Banja"]
[Date "2023.03.07"]
[Round "5"]
[White "Martirosyan, Haik M"]
[Black "Secheres, Adrian Simion"]
[Result "1-0"]
[WhiteElo "2686"]
[BlackElo "2369"]
[PlyCount "83"]
[EventDate "2023.03.03"]
[EventType "swiss"]
[EventRounds "11"]
[EventCountry "SRB"]
[SourceTitle "CBM 213"]
[Source "ChessBase"]
[SourceDate "2023.04.30"]
[SourceVersion "1"]
[SourceVersionDate "2023.04.30"]
[SourceQuality "1"]

1. d4 Nf6 2. c4 g6 3. Nc3 Bg7 4. e4 d6 5. Be2 0-0 6. Be3 c5 7. d5 e6 8. Nf3 exd5 9. cxd5 b5 10. e5 dxe5 11. Bxc5 Re8 12. Bxb5 Nbd7 13. Be3 Ng4 14. 0-0 Nxe3 15. fxe3 Rb8 16. Qd2 Rf8 17. Bxd7 Bxd7 18. Rac1 e4 19. Nd4 f5 20. Nce2 Be5 21. b3 Rb6 22. Qa5 Qb8 23. g3 Qb7 24. Nf4 Ra6 25. Qd2 Rd6 26. Rc5 Bxf4 27. gxf4 Rxd5 28. Rfc1 Rxc5 29. Rxc5 Rc8 30. Qc3 Rxc5 31. Qxc5 Kf7 32. Qd6 Qc8 33. Kf2 Be8 34. Qd5+ Kf6 35. Qg8 Qd7 36. Qh8+ Ke7 37. Qxh7+ Bf7 38. Qh4+ Ke8 39. Qh8+ Ke7 40. Qb8 Bd5 41. h4 Kf7 42. Qh8 1-0

[Event "EU-ch 23rd"]
[Site "Vrnjacka Banja"]
[Date "2023.03.06"]
[Round "4"]
[White "Secheres, Adrian Simion"]
[Black "Gumularz, Szymon"]
[Result "1/2-1/2"]
[WhiteElo "2369"]
[BlackElo "2558"]
[PlyCount "60"]
[EventDate "2023.03.03"]
[EventType "swiss"]
[EventRounds "11"]
[EventCountry "SRB"]
[SourceTitle "CBM 213"]
[Source "ChessBase"]
[SourceDate "2023.04.30"]
[SourceVersion "1"]
[SourceVersionDate "2023.04.30"]
[SourceQuality "1"]

1. d4 g6 2. c4 Bg7 3. e4 d6 4. Nc3 c5 5. d5 Bxc3+ 6. bxc3 e5 7. Bd3 Nd7 8. Ne2 Qe7 9. 0-0 h5 10. Bd2 h4 11. Qc1 Kd8 12. Rb1 Kc7 13. Kh1 f6 14. Qa3 g5 15. Qa5+ Kb8 16. Nc1 Nh6 17. Nb3 Nf7 18. Be3 g4 19. f4 exf4 20. Bxf4 Nfe5 21. Be2 h3 22. Nd2 hxg2+ 23. Kxg2 Nb6 24. Bg3 Bd7 25. Rf2 Rh6 26. Nf1 Qh7 27. Rf4 Nc8 28. Qa6 Nb6 29. Qa5 Nc8 30. Qa6 Nb6 1/2-1/2

[Event "ROM-ch"]
[Site "Sebes"]
[Date "2023.02.26"]
[Round "9"]
[White "Secheres, Adrian Simion"]
[Black "Vilcu, Matei Stefan"]
[Result "1-0"]
[WhiteElo "2365"]
[BlackElo "2214"]
[PlyCount "55"]
[EventDate "2023.02.19"]
[EventType "swiss"]
[EventRounds "9"]
[EventCountry "ROU"]
[SourceTitle "CBM 212 Extra"]
[Source "ChessBase"]
[SourceDate "2023.03.31"]
[SourceVersion "1"]
[SourceVersionDate "2023.03.31"]
[SourceQuality "1"]

1. d4 d5 2. c4 c6 3. Nc3 Nf6 4. Nf3 dxc4 5. e4 b5 6. Be2 e6 7. 0-0 Bb7 8. Rb1 Nbd7 9. a3 a6 10. b3 cxb3 11. e5 Nd5 12. Nxd5 cxd5 13. Rxb3 Nb6 14. Ng5 h6 15. Rh3 Qd7 16. Qc2 g6 17. Nxf7 Qxf7 18. Rf3 Qg7 19. Rf6 Rc8 20. Qd3 Rc6 21. Rxg6 Qc7 22. Qh3 Bc8 23. Bg5 Qh7 24. Qh5 Kd7 25. Bf6 Rg8 26. Bd3 Qf7 27. Qg4 Rc3 28. Bb1 1-0

[Event "ROM-ch"]
[Site "Sebes"]
[Date "2023.02.25"]
[Round "8"]
[White "Georgescu, Tiberiu Marian"]
[Black "Secheres, Adrian Simion"]
[Result "1/2-1/2"]
[WhiteElo "2479"]
[BlackElo "2365"]
[PlyCount "113"]
[EventDate "2023.02.19"]
[EventType "swiss"]
[EventRounds "9"]
[EventCountry "ROU"]
[SourceTitle "CBM 212 Extra"]
[Source "ChessBase"]
[SourceDate "2023.03.31"]
[SourceVersion "1"]
[SourceVersionDate "2023.03.31"]
[SourceQuality "1"]

1. d4 Nf6 2. Nf3 g6 3. Nbd2 Bg7 4. e4 0-0 5. Bd3 d6 6. c3 Nc6 7. 0-0 e5 8. Re1 a5 9. Nf1 Nh5 10. Bg5 Qe8 11. Bb5 f6 12. Be3 Qe7 13. N3d2 Kh8 14. Be2 Nf4 15. Bxf4 exf4 16. Bg4 Qf7 17. Bxc8 Raxc8 18. Qb3 Qxb3 19. axb3 f5 20. Nf3 fxe4 21. Rxe4 Rf5 22. N1d2 Rcf8 23. Ne1 g5 24. Nd3 Kg8 25. Rae1 h6 26. f3 b5 27. Kf1 Kf7 28. Ra1 Rb8 29. Ree1 Rd5 30. Rec1 Re8 31. Ne4 Re7 32. b4 a4 33. h4 Kg6 34. hxg5 hxg5 35. Re1 Re8 36. Nef2 Rxe1+ 37. Rxe1 Kf7 38. Ne4 Ne7 39. Ke2 Nc8 40. Rh1 Nb6 41. g4 fxg3 42. Nxg3 Nc4 43. Rg1 Bf6 44. Ne4 Be7 45. Rh1 Kg7 46. Nd2 Nb6 47. Nf1 Rf5 48. Ne3 Rf8 49. Rg1 Kf7 50. Rh1 Kg7 51. Rg1 Kf7 52. Nf2 Rh8 53. Kd3 Rh2 54. Neg4 Rh8 55. Ne3 Rh2 56. Neg4 Rh8 57. Ne3 1/2-1/2

[Event "ROM-ch"]
[Site "Sebes"]
[Date "2023.02.22"]
[Round "5"]
[White "Secheres, Adrian Simion"]
[Black "Lupulescu, Constantin"]
[Result "1/2-1/2"]
[WhiteElo "2365"]
[BlackElo "2592"]
[PlyCount "69"]
[EventDate "2023.02.19"]
[EventType "swiss"]
[EventRounds "9"]
[EventCountry "ROU"]
[SourceTitle "CBM 212 Extra"]
[Source "ChessBase"]
[SourceDate "2023.03.31"]
[SourceVersion "1"]
[SourceVersionDate "2023.03.31"]
[SourceQuality "1"]

1. d4 Nf6 2. c4 e6 3. Nf3 d5 4. Nc3 Nbd7 5. Bf4 Bb4 6. e3 c5 7. Be2 dxc4 8. Bxc4 Nb6 9. Bb5+ Bd7 10. 0-0 Bxc3 11. Bxd7+ Qxd7 12. bxc3 cxd4 13. cxd4 0-0 14. Ne5 Qa4 15. Qf3 Nfd5 16. Qg4 Nxf4 17. Qxf4 Rac8 18. h4 h6 19. Qf3 Rc7 20. Rfc1 Rfc8 21. Rc5 Qe8 22. Nd3 Na4 23. Rxc7 Rxc7 24. Rb1 Qe7 25. h5 Nc3 26. Rb2 Nd5 27. g3 Qa3 28. Qe2 Nf6 29. Rc2 Qd6 30. Ne5 Qd8 31. Rxc7 Qxc7 32. Qb5 a6 33. Qe2 Qc1+ 34. Kg2 Qb1 35. Qc4 1/2-1/2

[Event "ROM-ch"]
[Site "Sebes"]
[Date "2023.02.21"]
[Round "4"]
[White "Veress, Armand"]
[Black "Secheres, Adrian Simion"]
[Result "0-1"]
[WhiteElo "2076"]
[BlackElo "2365"]
[PlyCount "124"]
[EventDate "2023.02.19"]
[EventType "swiss"]
[EventRounds "9"]
[EventCountry "ROU"]
[SourceTitle "CBM 212 Extra"]
[Source "ChessBase"]
[SourceDate "2023.03.31"]
[SourceVersion "1"]
[SourceVersionDate "2023.03.31"]
[SourceQuality "1"]

1. d4 Nf6 2. Nf3 g6 3. c4 Bg7 4. Nc3 d6 5. Bg5 h6 6. Bh4 g5 7. Bg3 Nh5 8. e3 Nxg3 9. hxg3 c5 10. dxc5 dxc5 11. Qc2 Nc6 12. Rd1 Qa5 13. Nd2 Bg4 14. f3 Be6 15. Nb3 Qc7 16. Kf2 b6 17. Nd5 Qb7 18. Bd3 Rd8 19. Be4 Rd6 20. Nc1 Qd7 21. g4 0-0 22. a3 Rd8 23. Ne2 Na5 24. b3 b5 25. Ndc3 bxc4 26. b4 cxb4 27. axb4 Nc6 28. Rxd6 exd6 29. b5 Ne7 30. Nd4 d5 31. Bh7+ Kf8 32. Nce2 Qd6 33. Ra1 Qc5 34. Bf5 Bxf5 35. gxf5 Rd6 36. Qa4 Nc8 37. Ra2 Rb6 38. Rd2 Bf6 39. Nc3 Rd6 40. Nce2 Rb6 41. Nc3 Rd6 42. Nce2 Rd7 43. Qa6 Nd6 44. g4 Kg7 45. Qa5 Rb7 46. Nc3 Re7 47. Nce2 Rb7 48. Nc3 Re7 49. Nce2 Bxd4 50. Rxd4 Ne8 51. Qa1 Nf6 52. Ng3 Kh7 53. Qa6 Kg7 54. Qa1 c3 55. Rd3 Rc7 56. Ne2 c2 57. Rc3 Qd6 58. Ng3 d4 59. Rxc7 Qxc7 60. Qxd4 c1Q 61. Nh5+ Kf8 62. Nxf6 Qh2# 0-1

[Event "ROM-chT Blitz"]
[Site "Sebes"]
[Date "2022.12.04"]
[Round "3.6"]
[White "Nevednichy, Vladislav"]
[Black "Secheres, Adrian Simion"]
[Result "1/2-1/2"]
[WhiteElo "2502"]
[BlackElo "2365"]
[PlyCount "101"]
[EventDate "2022.12.04"]
[EventType "team-swiss (blitz)"]
[EventRounds "8"]
[EventCountry "ROU"]
[SourceTitle "CBM 211 Extra"]
[Source "ChessBase"]
[SourceDate "2023.01.31"]
[SourceVersion "1"]
[SourceVersionDate "2023.01.31"]
[SourceQuality "1"]
[WhiteTeam "Iasi Politehnica"]
[BlackTeam "Timisoara Vest Univ"]
[WhiteTeamCountry "ROU"]
[BlackTeamCountry "ROU"]

1. e4 Nc6 2. Nf3 d6 3. d4 Nf6 4. Nbd2 g6 5. c3 Bg7 6. Bd3 0-0 7. 0-0 e5 8. Re1 Re8 9. d5 Nb8 10. a4 a5 11. b4 Nh5 12. Nb3 axb4 13. cxb4 Nf4 14. Bf1 c6 15. a5 cxd5 16. exd5 Bf5 17. Nfd4 Nh3+ 18. gxh3 exd4 19. Rxe8+ Qxe8 20. Nxd4 Be4 21. Nb5 Qe5 22. Ra3 Na6 23. Qe1 Bxd5 24. Qxe5 Bxe5 25. Bd2 Rc8 26. Nc3 Nxb4 27. Nxd5 Nxd5 28. Rb3 Rc2 29. Bh6 Bf4 30. Bxf4 Nxf4 31. Rxb7 Rc1 32. a6 Nxh3+ 33. Kg2 Nf4+ 34. Kf3 Rxf1 35. a7 Ra1 36. Rb8+ Kg7 37. a8Q Rxa8 38. Rxa8 g5 39. Rd8 d5 40. Kg4 h6 41. Rd6 Nd3 42. Kg3 Nf4 43. h4 f6 44. Kg4 Kg6 45. hxg5 hxg5 46. Kf3 Kf5 47. Rd8 Ke5 48. Re8+ Kf5 49. Kg3 Nh5+ 50. Kf3 Nf4 51. Ke3 1/2-1/2

[Event "ROM-chT Blitz"]
[Site "Sebes"]
[Date "2022.12.04"]
[Round "6.6"]
[White "Secheres, Adrian Simion"]
[Black "Cosma, Ioan"]
[Result "1/2-1/2"]
[WhiteElo "2365"]
[BlackElo "2368"]
[PlyCount "167"]
[EventDate "2022.12.04"]
[EventType "team-swiss (blitz)"]
[EventRounds "8"]
[EventCountry "ROU"]
[SourceTitle "CBM 211 Extra"]
[Source "ChessBase"]
[SourceDate "2023.01.31"]
[SourceVersion "1"]
[SourceVersionDate "2023.01.31"]
[SourceQuality "1"]
[WhiteTeam "Timisoara Vest Univ"]
[BlackTeam "Techirghiol Victoria"]
[WhiteTeamCountry "ROU"]
[BlackTeamCountry "ROU"]

1. d4 d5 2. c4 e6 3. Nc3 Nf6 4. Nf3 c5 5. cxd5 Nxd5 6. e4 Nxc3 7. bxc3 cxd4 8. cxd4 Bb4+ 9. Bd2 Bxd2+ 10. Qxd2 0-0 11. Bc4 b6 12. 0-0 Bb7 13. Rfe1 Nd7 14. Rad1 Rc8 15. Bb3 Re8 16. h3 h6 17. Re3 b5 18. Qe2 Qb6 19. d5 exd5 20. Bxd5 Nf6 21. Bxb7 Qxb7 22. Re1 Rc4 23. Nd2 Rc2 24. Qd3 Qc8 25. Nb3 b4 26. e5 Rc3 27. Qb5 Rxe3 28. Rxe3 Nd7 29. e6 Rxe6 30. Rxe6 fxe6 31. Qxb4 Nf8 32. Nc5 Qc6 33. g3 Qd5 34. a4 Qd1+ 35. Kg2 Qd5+ 36. Kh2 Qa2 37. Ne4 Qd5 38. Nc3 Qf5 39. Qd4 Qa5 40. Ne4 Qd5 41. Qe3 a5 42. Nc3 Qb3 43. Qc5 Qc2 44. Kg2 Qf5 45. Qxf5 exf5 46. Nd5 Nd7 47. Ne7+ Kf8 48. Nxf5 Nc5 49. Nd4 Nxa4 50. Nc6 Nc5 51. Nxa5 Ne6 52. Kf3 g6 53. h4 Kf7 54. Nc6 Kf6 55. Ke4 Nc5+ 56. Ke3 Ne6 57. Nd4 Nc5 58. Kf4 Nd3+ 59. Ke3 Ne5 60. Ne2 Ng4+ 61. Kf3 Ne5+ 62. Ke4 Nd7 63. Nc3 Nc5+ 64. Ke3 Ke5 65. f3 h5 66. Ne2 Ne6 67. Nc1 Nc7 68. Nd3+ Kf5 69. Nb4 g5 70. hxg5 Kxg5 71. Ke4 h4 72. f4+ Kg4 73. gxh4 Kxh4 74. Ke5 Kh5 75. Nd5 Nb5 76. f5 Kh6 77. f6 Kg6 78. Ke6 Nd4+ 79. Ke7 Nf5+ 80. Kf8 Nd6 81. Ke7 Nf5+ 82. Ke8 Nd6+ 83. Kd7 Ne4 84. Ke7 1/2-1/2